[Event "I Open A"]
[Site "Padova ITA"]
[Date "1998.12.18"]
[Round "7"]
[White "Bianchi, Andrea"]
[Black "Battagin, Mose'"]
[Result "1-0"]
[WhiteElo "2145"]
[BlackElo "1897"]
[PlyCount "95"]
[EventDate "1998.12.11"]

1.e4 d6 2.d4 g6 3.Bd3 Bg7 4.c3 Nf6 5.Nf3 O-O 6.O-O Nh5 7.Be3 e5 8.h3 Nc6 
9.Re1 Re8 10.Nbd2 Bd7 11.a4 exd4 12.Nxd4 Ne5 13.Be2 Qh4 14.Bxh5 gxh5 15.
Nf5 Bxf5 16.exf5 Nd3 17.Rf1 Nxb2 18.Qb3 Nd3 19.Qxb7 c5 20.Qd5 Nf4 21.Qc4 
Be5 22.Bxf4 Qxf4 23.Qxf4 Bxf4 24.Nf3 Re2 25.Rfe1 Rae8 26.Kf1 Rxe1+ 27.Rxe1
Rxe1+ 28.Kxe1 d5 29.g3 Bc7 30.Ke2 Kg7 31.Nd2 Kf6 32.g4 Kg5 33.f3 Kf4 34.
Nf1 Be5 35.Ne3 d4 36.cxd4 Bxd4 37.Nc4 Kg3 38.Nd6 f6 39.Nb5 hxg4 40.hxg4 a6
41.Nxd4 cxd4 42.g5 fxg5 43.f6 h5 44.f7 h4 45.f8=Q h3 46.Qd6+ Kg2 47.Qxd4 
h2 48.Qg4+ 1-0

[Event "I Open A"]
[Site "Padova ITA"]
[Date "1998.12.18"]
[Round "7"]
[White "Bracaglia, Carlo"]
[Black "De Bortoli, Peter"]
[Result "0-1"]
[WhiteElo "2135"]
[BlackElo "2215"]
[PlyCount "105"]
[EventDate "1998.12.11"]

1.e4 c5 2.Nc3 Nc6 3.g3 g6 4.Bg2 Bg7 5.d3 e6 6.f4 Nge7 7.Nf3 d6 8.O-O O-O 
9.Be3 Rb8 10.Rb1 b5 11.Qd2 Qa5 12.a3 b4 13.axb4 Qxb4 14.Nd1 Qxd2 15.Bxd2 
Nd4 16.c3 Nb3 17.Be3 a5 18.Nf2 Ba6 19.Rfd1 Nc6 20.g4 a4 21.f5 Na7 22.g5 
exf5 23.exf5 gxf5 24.Bf4 Rb6 25.Nh4 Bc8 26.Bh3 Nb5 27.Nxf5 Bxf5 28.Bxf5 a3
29.bxa3 Nxc3 30.Rxb3 Rxb3 31.Re1 Rd8 32.Ng4 Rxa3 33.Nh6+ Kf8 34.Bxh7 Ra2 
35.Kf1 Bd4 36.Bg3 Kg7 37.Bf5 Rb8 38.h4 Rbb2 39.Re8 Rb1+ 40.Re1 Rxe1+ 41.
Kxe1 Re2+ 42.Kf1 Be5 43.Bf2 Ra2 44.Ng4 Nd1 45.h5 Nxf2 46.Nxf2 Bf4 47.Nh3 
Be3 48.Be4 Rh2 49.h6+ Kh8 50.Bg2 d5 51.Ng1 Bxg1 52.Kxg1 Rh5 53.Bxd5 0-1

[Event "I Open A"]
[Site "Padova ITA"]
[Date "1998.12.18"]
[Round "7"]
[White "Corvi, Marco"]
[Black "Ruzzier, Dario"]
[Result "1-0"]
[WhiteElo "2305"]
[BlackElo "2090"]
[PlyCount "97"]
[EventDate "1998.12.11"]

1.c4 e6 2.Nf3 d5 3.b3 c5 4.Bb2 Nf6 5.e3 Nc6 6.Be2 Be7 7.O-O O-O 8.cxd5 
exd5 9.d4 Re8 10.Nc3 a6 11.Rc1 cxd4 12.Nxd4 Ne5 13.Qc2 Bf8 14.Rfd1 Be6 15.
Nf3 Bd6 16.Nxe5 Bxe5 17.Bf3 Qc7 18.Nxd5 Bxh2+ 19.Kh1 Bxd5 20.Qxc7 Bxc7 21.
Rxc7 Bxf3 22.gxf3 b5 23.Bxf6 gxf6 24.Rdd7 Rf8 25.Ra7 Rac8 26.Rxa6 Rc2 27.
Kg2 Kh8 28.f4 Kg7 29.Rd5 Rb8 30.Ra7 Rcc8 31.Rdd7 Rf8 32.b4 Rb6 33.Kf3 f5 
34.Rac7 Kg6 35.Rc5 Ra8 36.Rdd5 Rxa2 37.Rxf5 Rb2 38.Rg5+ Kf6 39.Rh5 Kg7 40.
Rhg5+ Kf6 41.Rcf5+ Ke6 42.Rxb5 Rxb4 43.Rxb6+ Rxb6 44.Rh5 Rb8 45.Rxh7 f5 
46.Rh6+ Kf7 47.Ra6 Rb4 48.Kg3 Rb3 49.Kh4 1-0

[Event "I Open A"]
[Site "Padova ITA"]
[Date "1998.12.18"]
[Round "7"]
[White "Danieli, Enrico"]
[Black "Medancic, Rikard"]
[Result "0-1"]
[WhiteElo "2070"]
[BlackElo "2330"]
[PlyCount "84"]
[EventDate "1998.12.11"]

1.Nf3 b5 2.d4 Bb7 3.e3 a6 4.Bd3 Nf6 5.Nbd2 g6 6.O-O Bg7 7.c3 O-O 8.Qe2 d6 
9.e4 Nbd7 10.e5 Nd5 11.Ne4 dxe5 12.dxe5 e6 13.Ng3 c5 14.h4 Qc7 15.Re1 Ne7 
16.Be4 Bxe4 17.Qxe4 Nc6 18.Bf4 Rfe8 19.h5 c4 20.hxg6 fxg6 21.Qe3 Ne7 22.
Rad1 Nc5 23.Ne4 Nxe4 24.Qxe4 Nd5 25.Rxd5 exd5 26.Qxd5+ Qf7 27.Qe4 Ra7 28.
Be3 Raa8 29.Ng5 Qd7 30.Bd4 Rad8 31.Qh4 h6 32.Ne4 g5 33.Qg3 Qf5 34.Nc5 Rd5 
35.Kh1 Bxe5 36.f4 Bxd4 37.Rxe8+ Kf7 38.cxd4 Kxe8 39.Nxa6 Rxd4 40.Qe3+ Re4 
41.Qc3 Kf7 42.Nc7 Rxf4 0-1

[Event "I Open A"]
[Site "Padova ITA"]
[Date "1998.12.18"]
[Round "7"]
[White "Efimov, Igor"]
[Black "Manca, Federico"]
[Result "1-0"]
[WhiteElo "2530"]
[BlackElo "2380"]
[PlyCount "71"]
[EventDate "1998.12.11"]

1.d4 Nf6 2.c4 c5 3.d5 b5 4.cxb5 a6 5.bxa6 Bxa6 6.Nc3 g6 7.e4 Bxf1 8.Kxf1 
d6 9.g4 h5 10.g5 Nfd7 11.Nge2 Bg7 12.Kg2 O-O 13.f4 Qb6 14.Rf1 Na6 15.Rb1 
Nc7 16.Qd3 Rfb8 17.Qh3 Nb5 18.Bd2 Nxc3 19.Bxc3 Qa6 20.Rf2 Qxa2 21.Re1 Nf8 
22.Bxg7 Kxg7 23.Nc3 Qc4 24.f5 Qd4 25.f6+ exf6 26.gxf6+ Kg8 27.e5 Rb3 28.e6
Rxc3 29.exf7+ Kxf7 30.Re7+ Kg8 31.bxc3 Qxd5+ 32.Qf3 Qg5+ 33.Qg3 Qd5+ 34.
Kh3 Ra4 35.Qe3 Rg4 36.Rg7+ 1-0

[Event "I Open A"]
[Site "Padova ITA"]
[Date "1998.12.18"]
[Round "7"]
[White "Genocchio, Daniele"]
[Black "Caruso, Augusto"]
[Result "1-0"]
[WhiteElo "2195"]
[BlackElo "2285"]
[PlyCount "55"]
[EventDate "1998.12.11"]

1.e4 e5 2.Nf3 Nc6 3.d4 exd4 4.Nxd4 Nf6 5.Nxc6 bxc6 6.e5 Ne4 7.Bc4 d5 8.
exd6 Bxd6 9.Nd2 Ng5 10.O-O O-O 11.Bd3 Qf6 12.Nc4 Bf4 13.Bxf4 Qxf4 14.Qe2 
Rb8 15.b3 Rb5 16.Rfe1 f6 17.Qe3 Qh4 18.a4 Rd5 19.f4 Nf7 20.Nd2 Bg4 21.Bc4 
Rdd8 22.Ne4 Rde8 23.Qxa7 Re7 24.g3 Qh5 25.Nxf6+ gxf6 26.Rxe7 Bf3 27.Rxc7 
Be4 28.Rxf7 1-0

[Event "I Open A"]
[Site "Padova ITA"]
[Date "1998.12.18"]
[Round "7"]
[White "Khenkin, Igor"]
[Black "Rossi, Carlo"]
[Result "1-0"]
[WhiteElo "2600"]
[BlackElo "2355"]
[PlyCount "67"]
[EventDate "1998.12.11"]

1.d4 Nc6 2.Nf3 d6 3.c4 e5 4.d5 Nce7 5.Nc3 Nf6 6.e4 c5 7.dxc6 Nxc6 8.Be2 
Be7 9.O-O O-O 10.h3 Nd7 11.Bd3 Nc5 12.Bc2 a6 13.Re1 Be6 14.b3 Rb8 15.a3 
Kh8 16.Be3 Rg8 17.Nd5 g5 18.Nh2 Bf8 19.Qd2 Rg6 20.Rad1 Bg7 21.Nb4 Nd4 22.
Bxd4 exd4 23.e5 dxe5 24.Bxg6 hxg6 25.Nf3 f6 26.Nd3 Nxb3 27.Qb4 Na5 28.Nxd4
Bxc4 29.Nxe5 fxe5 30.Nc6 Nxc6 31.Rxd8+ Rxd8 32.Qxc4 Kh7 33.Qf7 Kh6 34.Qxb7
1-0

[Event "I Open A"]
[Site "Padova ITA"]
[Date "1998.12.18"]
[Round "7"]
[White "Ljubisavljevic, Zivojin Z."]
[Black "Chatalbashev, Boris"]
[Result "0-1"]
[WhiteElo "2290"]
[BlackElo "2535"]
[PlyCount "68"]
[EventDate "1998.12.11"]

1.e4 g6 2.d4 Bg7 3.c3 d6 4.f4 Nf6 5.e5 Nd5 6.Nf3 O-O 7.Bc4 dxe5 8.fxe5 Nb6
9.Bb3 a5 10.O-O a4 11.Bc2 f6 12.Qe1 Nc6 13.Qh4 fxe5 14.Ng5 Rxf1+ 15.Kxf1 
h6 16.Bxg6 hxg5 17.Qh7+ Kf8 18.Bxg5 Qd5 19.Nd2 Qg8 20.Qh5 Nd5 21.Kg1 Nf6 
22.Rf1 exd4 23.Ne4 Ra5 24.Qh4 Qh8 25.Qf4 Ne5 26.cxd4 Nxg6 27.Qxc7 Ra8 28.
Bxf6 Bxf6 29.d5 Kg8 30.Nxf6+ exf6 31.Re1 Nf8 32.Re8 Qg7 33.Qd8 b5 34.Re3 
Qa7 0-1

[Event "I Open A"]
[Site "Padova ITA"]
[Date "1998.12.18"]
[Round "7"]
[White "Quinn, Mark Peter"]
[Black "Mrdja, Milan"]
[Result "1/2-1/2"]
[WhiteElo "2350"]
[BlackElo "2430"]
[PlyCount "82"]
[EventDate "1998.12.11"]

1.Nf3 Nf6 2.d4 g6 3.c4 Bg7 4.Nc3 O-O 5.Bg5 c5 6.d5 d6 7.e3 a6 8.Nd2 Nbd7 
9.a4 Ne8 10.Ra3 h6 11.Bh4 f5 12.f4 Ndf6 13.Bd3 e5 14.O-O exf4 15.exf4 Nc7 
16.a5 Bd7 17.h3 Rb8 18.Qc2 Re8 19.Nf3 Qe7 20.Re1 Qf8 21.Bf2 Rxe1+ 22.Nxe1 
Nh5 23.Qd2 Re8 24.Nc2 Bf6 25.b4 cxb4 26.Nxb4 g5 27.Ne2 Qg7 28.Bb1 Re7 29.
Kh1 Qf7 30.fxg5 hxg5 31.Ng3 Ng7 32.Rf3 Qg6 33.c5 Nb5 34.c6 Bc8 35.Bc2 g4 
36.hxg4 Qxg4 37.cxb7 Rxb7 38.Nc6 Rf7 39.Kg1 Bg5 40.Qd3 Bd7 41.Nf1 Bh4 
1/2-1/2

[Event "I Open A"]
[Site "Padova ITA"]
[Date "1998.12.18"]
[Round "7"]
[White "Rigo, Gianfrancesco"]
[Black "Astengo, Marcello"]
[Result "1/2-1/2"]
[WhiteElo "2015"]
[BlackElo "2040"]
[PlyCount "96"]
[EventDate "1998.12.11"]

1.Nf3 d5 2.c4 e6 3.b3 Nf6 4.Bb2 Be7 5.g3 O-O 6.Bg2 c6 7.d3 Nbd7 8.O-O Re8 
9.Nbd2 Qb6 10.Qc2 Bd6 11.e4 dxe4 12.Nxe4 Nxe4 13.dxe4 e5 14.Rad1 Bc5 15.a3
a5 16.Rd2 f6 17.Nh4 Nf8 18.Nf5 Be6 19.Rfd1 g6 20.Nh4 Bg4 21.Bf3 Bxf3 22.
Nxf3 Rad8 23.Rd3 Ne6 24.Kg2 Bd4 25.Nxd4 exd4 26.c5 Qxc5 27.Qxc5 Nxc5 28.
Rxd4 Rxd4 29.Rxd4 Nxb3 30.Rd7 b5 31.Bxf6 Rxe4 32.Rg7+ Kf8 33.Rxh7 b4 34.
axb4 axb4 35.Rc7 c5 36.Bg5 Re5 37.Bf4 Rd5 38.Kf3 Na5 39.Rxc5 Rxc5 40.Bd6+ 
Kf7 41.Bxc5 b3 42.Bd4 Nc4 43.Kg4 b2 44.Bxb2 Nxb2 45.Kg5 Nc4 46.h4 Nd2 47.
h5 Ne4+ 48.Kf4 Nxf2 1/2-1/2

[Event "I Open A"]
[Site "Padova ITA"]
[Date "1998.12.18"]
[Round "7"]
[White "Rossato, Armando"]
[Black "Giacomini, Massimo"]
[Result "1/2-1/2"]
[WhiteElo "1923"]
[BlackElo "1914"]
[PlyCount "126"]
[EventDate "1998.12.11"]

1.d4 Nf6 2.Nf3 e6 3.e3 d5 4.Bd3 c5 5.c3 Nbd7 6.Nbd2 Be7 7.O-O O-O 8.Qe2 b6
9.Ne5 Bb7 10.f4 Ne4 11.Rf3 f5 12.Rh3 Ndf6 13.Ndf3 Ng4 14.Bxe4 dxe4 15.Ne1 
Nf6 16.Bd2 Qe8 17.Nc2 a5 18.a4 Ba6 19.Qd1 Rd8 20.b4 Bd6 21.b5 Bb7 22.Na3 
Bd5 23.Nac4 Bc7 24.Qe2 Nd7 25.Rf1 Rf6 26.Kf2 Bxe5 27.fxe5 Bxc4 28.Qxc4 Rg6
29.Bc1 Qe7 30.Kg1 Rg4 31.Rxf5 Kh8 32.Rfh5 h6 33.Qe2 Rg5 34.R5h4 Qf7 35.
Rxe4 Qg6 36.Rf4 Qb1 37.Rf1 Rf8 38.e4 Rxf1+ 39.Qxf1 Rg4 40.d5 Rg6 41.dxe6 
Rxe6 42.Bf4 Qxe4 43.Re3 Qxa4 44.Qd3 Qxf4 45.Rf3 Qxe5 46.Qxd7 Rd6 47.Qc8+ 
Kh7 48.g3 Rd1+ 49.Kg2 Qd5 50.Qf5+ Qxf5 51.Rxf5 Rd3 52.Rf7 Rxc3 53.Rb7 Rb3 
54.Rxb6 a4 55.Ra6 a3 56.b6 c4 57.b7 Rxb7 58.Rxa3 Rb3 59.Ra6 c3 60.Rc6 Rb2+
61.Kf3 c2 62.Ke3 Ra2 63.Kd3 c1=Q 1/2-1/2

[Event "I Open A"]
[Site "Padova ITA"]
[Date "1998.12.18"]
[Round "7"]
[White "Timoscenko, Gennadij A."]
[Black "Cacco, Christian"]
[Result "1/2-1/2"]
[WhiteElo "2470"]
[BlackElo "2190"]
[PlyCount "53"]
[EventDate "1998.12.11"]

1.d4 Nf6 2.Nf3 g6 3.c4 Bg7 4.Nc3 d6 5.e4 O-O 6.Be2 e5 7.Be3 c6 8.d5 c5 9.
Nd2 Ne8 10.O-O Nd7 11.Kh1 Kh8 12.g4 h6 13.Rg1 a6 14.Nf1 Rb8 15.Qd2 Kh7 16.
Bd3 Nc7 17.a4 Rh8 18.h3 Bf6 19.Nh2 Bg5 20.Raf1 Bxe3 21.fxe3 Kg7 22.Rf3 Rh7
23.Qf2 Kg8 24.Nf1 Nf8 25.Ng3 Bd7 26.b3 Ne8 27.Rf1 1/2-1/2

[Event "I Open A"]
[Site "Padova ITA"]
[Date "1998.12.18"]
[Round "7"]
[White "Tomescu, Vlad"]
[Black "Popa, Florin"]
[Result "1-0"]
[WhiteElo "2425"]
[BlackElo "2215"]
[PlyCount "103"]
[EventDate "1998.12.11"]

1.e4 e5 2.Nc3 Nc6 3.Bc4 Nf6 4.d3 Na5 5.Nge2 Be7 6.O-O d6 7.h3 Nxc4 8.dxc4 
Be6 9.b3 Nh5 10.Nd5 g5 11.Nd4 Ng7 12.Nxe6 fxe6 13.Ne3 O-O 14.Bb2 b6 15.a4 
a5 16.Qe2 Qe8 17.g3 Qg6 18.f3 Nh5 19.Kh2 Rf7 20.Rad1 Raf8 21.Ng4 Ng7 22.
Rd3 h5 23.Nf2 Ne8 24.Kg2 Nf6 25.g4 Rh7 26.Rh1 Nd7 27.Bc1 Rff7 28.Bd2 Qg7 
29.Be1 Nf8 30.Nd1 Ng6 31.Bg3 hxg4 32.hxg4 Qf8 33.Rxh7 Rxh7 34.Nf2 Rh4 35.
Rd1 Qh6 36.Rh1 Rxh1 37.Nxh1 Nf4+ 38.Bxf4 gxf4 39.Qe1 Bh4 40.Qg1 Qg5 41.Qh2
Kg7 42.Nf2 Bxf2 43.Kxf2 c6 44.Kf1 d5 45.Qe2 Kf6 46.exd5 exd5 47.cxd5 cxd5 
48.Qb5 e4 49.Qxb6+ Ke5 50.Qc7+ Kd4 51.Ke2 Qh6 52.c3# 1-0

[Event "I Open A"]
[Site "Padova ITA"]
[Date "1998.12.19"]
[Round "8"]
[White "Astengo, Marcello"]
[Black "Rossato, Armando"]
[Result "0-1"]
[WhiteElo "2040"]
[BlackElo "1923"]
[PlyCount "56"]
[EventDate "1998.12.11"]

1.d4 Nf6 2.c4 e6 3.Nc3 Bb4 4.Bd2 b6 5.Nf3 Bb7 6.e3 d6 7.Qa4+ Nc6 8.d5 exd5
9.cxd5 Bxc3 10.Bxc3 Nxd5 11.Bb5 Ne7 12.Bxg7 Rg8 13.Bf6 a6 14.Bd3 Qd7 15.
Rc1 Rxg2 16.Be4 Rg4 17.h3 b5 18.Bxc6 Rxa4 19.Bxd7+ Kxd7 20.Ke2 Nd5 21.Bg7 
Re8 22.Ng5 Rg8 23.Bh6 Rxa2 24.Nxh7 Rxb2+ 25.Ke1 Rg2 26.Rf1 Nb4 27.Nf8+ Kc8
28.Rc3 Bf3 0-1

[Event "I Open A"]
[Site "Padova ITA"]
[Date "1998.12.19"]
[Round "8"]
[White "Bianchi, Andrea"]
[Black "Rigo, Gianfrancesco"]
[Result "1-0"]
[WhiteElo "2145"]
[BlackElo "2015"]
[PlyCount "109"]
[EventDate "1998.12.11"]

1.e4 g6 2.d4 Bg7 3.c3 c6 4.f4 d5 5.e5 h5 6.Nd2 Nh6 7.Ndf3 Bg4 8.Qb3 Qc7 9.
Nh4 Nf5 10.Nxf5 Bxf5 11.Nf3 Nd7 12.Be3 e6 13.h3 Bf8 14.Rc1 b5 15.Be2 Nb6 
16.Ra1 a5 17.Qd1 Nc4 18.Bc1 a4 19.Kf2 h4 20.Bd3 c5 21.Bxf5 gxf5 22.b3 axb3
23.Qxb3 Qa5 24.Be3 Nxe3 25.Kxe3 c4 26.Qc2 b4 27.cxb4 Bxb4 28.a4 Ke7 29.Ra2
Rab8 30.Rb1 Rhg8 31.Rab2 Rg3 32.Kf2 c3 33.Rb3 Qxa4 34.Nxh4 Rbg8 35.Qe2 c2 
36.Qxc2 Be1+ 37.Kxe1 Rxb3 38.Rxb3 Qa1+ 39.Rb1 Qxd4 40.Rb7+ Kf8 41.Rb8+ Kg7
42.Rxg8+ Kxg8 43.Qd2 Qe4+ 44.Kf2 Kg7 45.Nf3 f6 46.exf6+ Kxf6 47.Qd4+ Qxd4+
48.Nxd4 e5 49.fxe5+ Kxe5 50.Nf3+ Kf4 51.g3+ Ke4 52.h4 f4 53.g4 d4 54.h5 d3
55.h6 1-0

[Event "I Open A"]
[Site "Padova ITA"]
[Date "1998.12.19"]
[Round "8"]
[White "Caruso, Augusto"]
[Black "Battagin, Mose'"]
[Result "1/2-1/2"]
[WhiteElo "2285"]
[BlackElo "1897"]
[PlyCount "104"]
[EventDate "1998.12.11"]

1.e4 d6 2.d4 Nf6 3.Nc3 g6 4.f4 Bg7 5.Nf3 c5 6.d5 O-O 7.Bd3 Na6 8.O-O Bg4 
9.Qe1 Nb4 10.a3 Nxd3 11.cxd3 Rb8 12.Qh4 b5 13.e5 Bxf3 14.Rxf3 b4 15.axb4 
dxe5 16.Rh3 Rxb4 17.d6 Qxd6 18.Rxa7 exf4 19.Rxe7 h5 20.Qe1 Ng4 21.Re2 Bd4+
22.Kh1 Ra8 23.Rf3 g5 24.Ne4 Qg6 25.Nxg5 Qxg5 26.Bxf4 Qg7 27.h3 Bxb2 28.
Re8+ Rxe8 29.Qxe8+ Qf8 30.Qxf8+ Kxf8 31.hxg4 hxg4 32.Bd6+ Ke8 33.Re3+ Kd7 
34.Bxc5 Rb5 35.d4 f5 36.g3 Bc1 37.Re1 Bd2 38.Re2 Bc3 39.Rc2 Be1 40.Kg2 Rb3
41.d5 Bxg3 42.Ra2 Be5 43.Ra7+ Kd8 44.Rf7 f4 45.Rf8+ Kd7 46.Rf7+ Kc8 47.
Rf8+ Kb7 48.Rf7+ Ka8 49.Rf8+ Rb8 50.Rf5 Rb2+ 51.Kf1 Rb1+ 52.Kf2 Rb2+ 
1/2-1/2

[Event "I Open A"]
[Site "Padova ITA"]
[Date "1998.12.19"]
[Round "8"]
[White "Chatalbashev, Boris"]
[Black "Timoscenko, Gennadij A."]
[Result "1/2-1/2"]
[WhiteElo "2535"]
[BlackElo "2470"]
[PlyCount "31"]
[EventDate "1998.12.11"]

1.d4 d5 2.c4 c6 3.Nf3 Nf6 4.e3 Bf5 5.Nc3 e6 6.Nh4 Be4 7.f3 Bg6 8.Nxg6 hxg6
9.Bd3 Nbd7 10.f4 Be7 11.O-O O-O 12.Qf3 Qc7 13.b3 c5 14.cxd5 Nxd5 15.Nxd5 
exd5 16.Bb2 1/2-1/2

[Event "I Open A"]
[Site "Padova ITA"]
[Date "1998.12.19"]
[Round "8"]
[White "Corvi, Marco"]
[Black "Bracaglia, Carlo"]
[Result "1-0"]
[WhiteElo "2305"]
[BlackElo "2135"]
[PlyCount "55"]
[EventDate "1998.12.11"]

1.c4 e5 2.Nc3 Nc6 3.Nf3 f5 4.d4 e4 5.Bg5 Be7 6.Bxe7 Ncxe7 7.Ng1 Nf6 8.e3 
O-O 9.h4 f4 10.exf4 d5 11.Be2 c5 12.cxd5 cxd4 13.Qxd4 Nf5 14.Qd2 Re8 15.
Rh3 Nd6 16.Re3 Nf5 17.O-O-O Nxe3 18.fxe3 Bd7 19.Qd4 Qa5 20.Kb1 Rac8 21.Nh3
b5 22.a3 Rb8 23.Qb4 Qb6 24.Rd4 a5 25.Qb3 Rec8 26.Ng5 Qc5 27.d6+ Nd5 28.
Rxd5 1-0

[Event "I Open A"]
[Site "Padova ITA"]
[Date "1998.12.19"]
[Round "8"]
[White "Danieli, Enrico"]
[Black "Ruzzier, Dario"]
[Result "0-1"]
[WhiteElo "2070"]
[BlackElo "2090"]
[PlyCount "80"]
[EventDate "1998.12.11"]

1.Nf3 d5 2.d4 c5 3.e3 Nc6 4.Bd3 Bg4 5.c3 e5 6.dxe5 Nxe5 7.Bb5+ Nc6 8.h3 
Bxf3 9.Qxf3 Nf6 10.c4 Rc8 11.Nc3 dxc4 12.O-O Bd6 13.Bxc4 O-O 14.Bb3 Bb8 
15.Qf5 Qc7 16.f4 Ne7 17.Qg5 h6 18.Qh4 Nf5 19.Qf2 a6 20.Bc2 Qd7 21.g4 Ne7 
22.e4 Rfd8 23.e5 Nfd5 24.Ne4 b5 25.Qg3 Nb4 26.Bb1 Nd3 27.Rd1 Nxc1 28.Rxc1 
Qd4+ 29.Qf2 Ng6 30.Qxd4 cxd4 31.Rf1 d3 32.a4 Ba7+ 33.Kh1 Be3 34.Ba2 d2 35.
Nd6 Rc1 36.Bxf7+ Kh7 37.axb5 axb5 38.Be6 Ra8 39.Raxc1 dxc1=Q 40.Rxc1 Bxc1 
0-1

[Event "I Open A"]
[Site "Padova ITA"]
[Date "1998.12.19"]
[Round "8"]
[White "De Bortoli, Peter"]
[Black "Quinn, Mark Peter"]
[Result "0-1"]
[WhiteElo "2215"]
[BlackElo "2350"]
[PlyCount "84"]
[EventDate "1998.12.11"]

1.e4 c5 2.Nf3 Nc6 3.d4 cxd4 4.Nxd4 g6 5.Nxc6 bxc6 6.Qd4 Nf6 7.e5 Nd5 8.c4 
Qb6 9.Qxb6 Nxb6 10.Be3 Bg7 11.a4 d5 12.exd6 exd6 13.Nd2 O-O 14.Be2 Bxb2 
15.Rb1 Bg7 16.Bf3 d5 17.a5 Nxc4 18.Nxc4 dxc4 19.Bxc6 Bf5 20.Rc1 Rac8 21.
Bb7 Rc7 22.a6 Bc8 23.Bxa7 Bxb7 24.axb7 Rxb7 25.Be3 c3 26.Ke2 Rb2+ 27.Kf3 
f5 28.Rhd1 Rc8 29.Rd3 Rb4 30.Rc2 h6 31.g3 g5 32.Rd5 Rb2 33.Rc1 g4+ 34.Kg2 
c2 35.Rd2 Ra2 36.Re2 Bf8 37.Rce1 Bb4 38.Rc1 h5 39.h3 Rc4 40.hxg4 hxg4 41.
Bg5 Kf7 42.Bh6 Ra6 0-1

[Event "I Open A"]
[Site "Padova ITA"]
[Date "1998.12.19"]
[Round "8"]
[White "Giacomini, Massimo"]
[Black "Genocchio, Daniele"]
[Result "0-1"]
[WhiteElo "1914"]
[BlackElo "2195"]
[PlyCount "108"]
[EventDate "1998.12.11"]

1.Nf3 Nf6 2.c4 g6 3.g3 Bg7 4.Bg2 O-O 5.O-O c5 6.Nc3 Nc6 7.e3 a6 8.d4 cxd4 
9.Nxd4 Ne5 10.b3 d6 11.Bb2 Rb8 12.f4 Neg4 13.Qd2 Re8 14.h3 Nh6 15.g4 Nd7 
16.g5 Nf5 17.Nxf5 gxf5 18.Ne2 Bxb2 19.Qxb2 Nc5 20.Ng3 e5 21.Bd5 Be6 22.Nh5
Nd7 23.Qg2 Bxd5 24.cxd5 Kh8 25.Kh1 Rc8 26.e4 fxe4 27.f5 Rc3 28.Kh2 Rg8 29.
h4 h6 30.f6 Qc8 31.Rf2 Nc5 32.Ng7 Nd3 33.Raf1 Nxf2 34.Rxf2 e3 35.Re2 b5 
36.Kg3 a5 37.Qf3 Rc1 38.Qh5 Rxg7 39.fxg7+ Kxg7 40.Qxh6+ Kg8 41.Qxd6 Rh1 
42.Qxe5 Qh3+ 43.Kf4 Rf1+ 44.Ke4 Qf3+ 45.Kd3 Rd1+ 46.Kc3 b4+ 47.Kc4 Qxe2+ 
48.Kc5 Qc2+ 49.Kb5 Qd3+ 50.Ka4 Qxd5 51.Qb8+ Kg7 52.Qf4 Rd2 53.Qf6+ Kg8 54.
Qa1 e2 0-1

[Event "I Open A"]
[Site "Padova ITA"]
[Date "1998.12.19"]
[Round "8"]
[White "Manca, Federico"]
[Black "Popa, Florin"]
[Result "1-0"]
[WhiteElo "2380"]
[BlackElo "2215"]
[PlyCount "68"]
[EventDate "1998.12.11"]

1.e4 e5 2.Nf3 d6 3.d4 Nd7 4.Bc4 c6 5.O-O Be7 6.dxe5 dxe5 7.Ng5 Bxg5 8.Qh5 
g6 9.Qxg5 Qxg5 10.Bxg5 Nc5 11.Nd2 b5 12.Be2 Be6 13.Rfd1 Na4 14.Nb3 f6 15.
Be3 Ne7 16.Nc5 Nxc5 17.Bxc5 Kf7 18.a4 a6 19.Ra3 Rhd8 20.Rda1 Rac8 21.axb5 
axb5 22.Ra7 Rd7 23.Rxd7 Bxd7 24.Ra7 Ke8 25.c3 h5 26.h4 Rb8 27.Bd1 Nc8 28.
Ra6 Ne7 29.Bb3 Rd8 30.Ra7 Rb8 31.Be6 Rd8 32.Rc7 f5 33.f3 fxe4 34.fxe4 Nc8 
1-0

[Event "I Open A"]
[Site "Padova ITA"]
[Date "1998.12.19"]
[Round "8"]
[White "Mrdja, Milan"]
[Black "Ljubisavljevic, Zivojin Z."]
[Result "1-0"]
[WhiteElo "2430"]
[BlackElo "2290"]
[PlyCount "63"]
[EventDate "1998.12.11"]

1.e4 e5 2.Nf3 Nc6 3.Bb5 a6 4.Ba4 Nf6 5.O-O b5 6.Bb3 Be7 7.Re1 O-O 8.a4 b4 
9.a5 d6 10.h3 Rb8 11.Bc4 Nd7 12.c3 Kh8 13.d4 bxc3 14.bxc3 f5 15.Bd5 Nxa5 
16.exf5 Rxf5 17.Be4 Nf6 18.Bxf5 Bxf5 19.Nbd2 Nc6 20.Rxa6 Bd7 21.dxe5 dxe5 
22.Nc4 Qf8 23.Ncxe5 Nxe5 24.Nxe5 Bd6 25.Nxd7 Nxd7 26.Be3 Qf5 27.Qg4 Qb5 
28.Qa4 Qd5 29.Rd1 Qb7 30.Ra7 Qb1 31.g3 Qf5 32.Rxd6 1-0

[Event "I Open A"]
[Site "Padova ITA"]
[Date "1998.12.19"]
[Round "8"]
[White "Ortega, Lexy"]
[Black "Khenkin, Igor"]
[Result "0-1"]
[WhiteElo "2490"]
[BlackElo "2600"]
[PlyCount "77"]
[EventDate "1998.12.11"]

1.d4 Nf6 2.c4 e6 3.Nc3 Bb4 4.e3 c5 5.Bd3 Nc6 6.Ne2 cxd4 7.exd4 d5 8.cxd5 
Nxd5 9.a3 Nxc3 10.bxc3 Bd6 11.Ng3 O-O 12.Ne4 Be7 13.h4 f5 14.Ng5 h6 15.Nf3
e5 16.Bc4+ Kh8 17.Ng5 Qe8 18.d5 Na5 19.Ba2 Bd6 20.Ne6 Bxe6 21.dxe6 Rd8 22.
O-O e4 23.Qe2 Nc6 24.Rb1 b6 25.Rb5 Ne5 26.e7 Qxe7 27.Bg5 Nf3+ 28.gxf3 hxg5
29.fxe4 g6 30.Rd5 gxh4 31.Qe3 Kh7 32.exf5 Rxf5 33.Rfd1 Rxd5 34.Rxd5 Qxe3 
35.fxe3 g5 36.Kg2 g4 37.Rh5+ Kg6 38.Rxh4 Kg5 39.Rh7 0-1

[Event "I Open A"]
[Site "Padova ITA"]
[Date "1998.12.19"]
[Round "8"]
[White "Tomescu, Vlad"]
[Black "Efimov, Igor"]
[Result "1-0"]
[WhiteElo "2425"]
[BlackElo "2530"]
[PlyCount "119"]
[EventDate "1998.12.11"]

1.e4 c5 2.Nf3 e6 3.d4 cxd4 4.Nxd4 a6 5.Bd3 Bc5 6.Nb3 Bb6 7.Qe2 Nc6 8.Nc3 
Nge7 9.Be3 Bc7 10.O-O-O b5 11.f4 Bb7 12.Nc5 Qc8 13.e5 Nb4 14.Nxb7 Qxb7 15.
Be4 Nbc6 16.Bc5 Bb6 17.Bxe7 Kxe7 18.Qg4 Kf8 19.Rd3 d5 20.exd6 f5 21.Bxc6 
Qxc6 22.Qe2 Kf7 23.Re1 Rhe8 24.a3 Rad8 25.Qe5 Bc5 26.Red1 Rd7 27.b4 Bb6 
28.Kb2 Bd8 29.Qc5 Qxg2 30.Qc8 Qb7 31.Qxb7 Rxb7 32.Kb3 Bf6 33.Ne2 Rd7 34.
Ng1 g5 35.fxg5 Bxg5 36.Rh3 Kf6 37.Ne2 e5 38.a4 bxa4+ 39.Kxa4 e4 40.c4 f4 
41.c5 f3 42.Nc3 Ke5 43.Rd5+ Kf4 44.c6 Ra7 45.d7 Rf8 46.Rd4 Ke3 47.Rxe4+ 
Kd3 48.Re8 Rf4 49.Nd5 Rf5 50.c7 Rxc7 51.Nxc7 Kc2 52.Re1 a5 53.Rf1 f2 54.
Ne6 Bf6 55.Rh6 Be5 56.d8=Q Kb2 57.Nc5 axb4 58.Nd3+ Kc2 59.Nxb4+ Kb2 60.
Rb1+ 1-0

[Event "I Open A"]
[Site "Padova ITA"]
[Date "1998.12.20"]
[Round "9"]
[White "Astengo, Marcello"]
[Black "Caruso, Augusto"]
[Result "1-0"]
[WhiteElo "2040"]
[BlackElo "2285"]
[PlyCount "61"]
[EventDate "1998.12.11"]

1.d4 Nf6 2.c4 c5 3.d5 b5 4.cxb5 a6 5.bxa6 Bxa6 6.Nc3 d6 7.g3 g6 8.Bg2 Bg7 
9.Nh3 O-O 10.O-O Nbd7 11.Ng5 Nb6 12.h3 Bc4 13.f4 h6 14.Nge4 Nfxd5 15.f5 g5
16.Nxd5 Nxd5 17.f6 exf6 18.Rf5 Ne7 19.Nxf6+ Kh8 20.Rf2 Rxa2 21.Rxa2 Bxa2 
22.h4 Ng6 23.hxg5 d5 24.Qf1 Bc4 25.gxh6 Bxf6 26.Rxf6 Bxe2 27.Qf2 Ne5 28.
Bg5 Rg8 29.Rg6 Qxg5 30.Rxg5 Rxg5 31.Qf6+ 1-0

[Event "I Open A"]
[Site "Padova ITA"]
[Date "1998.12.20"]
[Round "9"]
[White "Battagin, Mose'"]
[Black "Giacomini, Massimo"]
[Result "1-0"]
[WhiteElo "1897"]
[BlackElo "1914"]
[PlyCount "147"]
[EventDate "1998.12.11"]

1.e4 c5 2.Nc3 Nc6 3.f4 d6 4.Nf3 Nf6 5.Bb5 a6 6.Bxc6+ bxc6 7.d3 g6 8.O-O 
Bg7 9.Qe1 O-O 10.Kh1 Rb8 11.Rb1 Bd7 12.Bd2 Qc7 13.b3 Rfe8 14.Na4 Rb5 15.
Nb2 d5 16.e5 Ng4 17.a4 Rb7 18.h3 Nh6 19.Be3 d4 20.Bd2 Be6 21.Ng5 Bd5 22.
Ne4 Qc8 23.Kh2 Bxe4 24.Qxe4 Qe6 25.Rbe1 Qd5 26.Nc4 Bf8 27.e6 f5 28.Qe2 Bg7
29.Bc1 Kh8 30.Ba3 Ng8 31.Qd2 h5 32.Qa5 Nh6 33.Qxc5 Qxc5 34.Bxc5 Bf6 35.Ne5
Bxe5 36.Rxe5 Rd8 37.Ba3 Kg7 38.Rc5 Rc7 39.Re1 Ng8 40.Rc4 Nf6 41.Bb2 c5 42.
Ba3 Nd5 43.g3 Ne3 44.Rxc5 Rxc5 45.Bxc5 Nxc2 46.Re2 Ne3 47.Bxe7 Rc8 48.Bd6 
Kf6 49.Be5+ Kxe6 50.Bxd4 Rc2 51.Rxc2 Nxc2 52.Be5 Ne1 53.d4 Nf3+ 54.Kg2 Nd2
55.b4 Kd5 56.b5 axb5 57.axb5 Nc4 58.Kf3 Na3 59.b6 Kc6 60.Bc7 Nc4 61.g4 
Nd2+ 62.Kg3 hxg4 63.hxg4 Ne4+ 64.Kf3 Nf6 65.gxf5 gxf5 66.Kg3 Kd7 67.Kh4 
Ne4 68.d5 Nf6 69.d6 Kc6 70.Kg5 Ne4+ 71.Kxf5 Nc5 72.Kg6 Kd7 73.f5 Ke8 74.
Kg7 1-0

[Event "I Open A"]
[Site "Padova ITA"]
[Date "1998.12.20"]
[Round "9"]
[White "Cacco, Christian"]
[Black "Chatalbashev, Boris"]
[Result "1-0"]
[WhiteElo "2190"]
[BlackElo "2535"]
[PlyCount "69"]
[EventDate "1998.12.11"]

1.d4 g6 2.Nf3 Bg7 3.c4 c5 4.e3 Nf6 5.Nc3 O-O 6.Be2 d6 7.O-O Nc6 8.d5 Na5 
9.e4 Bg4 10.Ne1 Bxe2 11.Qxe2 a6 12.Bd2 b5 13.cxb5 axb5 14.Nxb5 Nb3 15.Rb1 
Nxd2 16.Qxd2 Nxe4 17.Qc2 Qa5 18.Qxe4 Qxb5 19.Nf3 Bf6 20.b4 Rxa2 21.bxc5 
Qxc5 22.g4 h6 23.h4 Rfa8 24.Rb4 Ra1 25.Rc4 Qb5 26.Rxa1 Rxa1+ 27.Kg2 Ra2 
28.g5 Qb6 29.Qe1 Bg7 30.Rc8+ Kh7 31.h5 Qb7 32.hxg6+ fxg6 33.Qe6 hxg5 34.
Nxg5+ Kh6 35.Nf7+ 1-0